Botany: (Record no. 3908)
[ view plain ]
| 000 -LEADER | |
|---|---|
| fixed length control field | 00513nam a2200205 4500 |
| 003 - CONTROL NUMBER IDENTIFIER | |
| control field | OSt |
| 005 - DATE AND TIME OF LATEST TRANSACTION | |
| control field | 20191111163638.0 |
| 008 - FIXED-LENGTH DATA ELEMENTS--GENERAL INFORMATION | |
| fixed length control field | 160509b xxu||||| |||| 00| 0 eng d |
| 020 ## - INTERNATIONAL STANDARD BOOK NUMBER | |
| International Standard Book Number | 0195637488 |
| 040 ## - CATALOGING SOURCE | |
| Transcribing agency | 040A |
| 082 ## - DEWEY DECIMAL CLASSIFICATION NUMBER | |
| Classification number | 581 |
| Item number | DUT 2000 |
| 100 ## - MAIN ENTRY--PERSONAL NAME | |
| Personal name | Dutta, A C |
| 9 (RLIN) | 8567 |
| 245 ## - TITLE STATEMENT | |
| Title | Botany: |
| Remainder of title | for degree students |
| 250 ## - EDITION STATEMENT | |
| Edition statement | 6th.ed |
| 260 ## - PUBLICATION, DISTRIBUTION, ETC. (IMPRINT) | |
| Place of publication, distribution, etc. | Oxford |
| Name of publisher, distributor, etc. | Oxford University Press |
| Date of publication, distribution, etc. | 2000 |
| 300 ## - PHYSICAL DESCRIPTION | |
| Extent | xv, 708p; |
| Other physical details | ill : |
| Dimensions | 12 cm |
| 504 ## - BIBLIOGRAPHY, ETC. NOTE | |
| Bibliography, etc | Includes index |
| 650 ## - SUBJECT ADDED ENTRY--TOPICAL TERM | |
| Topical term or geographic name as entry element | Bontany |
| 9 (RLIN) | 8568 |
| 942 ## - ADDED ENTRY ELEMENTS (KOHA) | |
| Source of classification or shelving scheme | Dewey Decimal Classification |
| Koha item type | Short Loan |
| Withdrawn status | Lost status | Source of classification or shelving scheme | Damaged status | Not for loan | Home library | Current library | Date acquired | Inventory number | Total Checkouts | Full call number | Barcode | Date last seen | Date last checked out | Koha item type |
|---|---|---|---|---|---|---|---|---|---|---|---|---|---|---|
| Dewey Decimal Classification | MUST Main Library | MUST Main Library | 09/05/2016 | 00/14554 | 1 | 581 DUT 2000 | 2016-1639 | 18/09/2025 | 04/09/2025 | Short Loan | ||||
| Dewey Decimal Classification | MUST Main Library | MUST Main Library | 11/05/2016 | 00/14555 | 581 DUT 2000 | 2016-1766 | 11/05/2016 | Short Loan |
